[Event "Rilton Cup 27th"]
[Site "Stockholm"]
[Date "1998.??.??"]
[Round "3"]
[White "Backe, Peter"]
[Black "Petronic, Jovan"]
[Result "0-1"]
[WhiteElo "2270"]
[BlackElo "2490"]
[PlyCount "96"]
[EventDate "1997.12.??"]
[EventType "swiss"]
[EventRounds "9"]
[EventCountry "SWE"]
[SourceTitle "EXT 1999"]
[Source "ChessBase"]
[SourceDate "1998.11.16"]
[SourceVersion "1"]
[SourceVersionDate "1998.11.16"]
[SourceQuality "1"]

1. d4 Nf6 2. c4 c5 3. d5 e6 4. Nc3 exd5 5. cxd5 d6 6. e4 g6 7. f4 Bg7 8. Bb5+ Nfd7 9. a4 0-0 10. Nge2 Na6 11. 0-0 Nc7 12. Bd3 Nf6 13. h3 a6 14. Be3 Rb8 15. Rb1 Re8 16. Qd2 c4 17. Bc2 b5 18. e5 dxe5 19. d6 Ne6 20. fxe5 Nd7 21. Nd5 Nxe5 22. Ne7+ Rxe7 23. dxe7 Qxe7 24. axb5 axb5 25. Nc3 Bb7 26. Nd5 Qh4 27. Nf4 Ng5 28. Qf2 Qxf2+ 29. Rxf2 b4 30. Rd1 b3 31. Bb1 Ne4 32. Bxe4 Bxe4 33. Bd4 Nd3 34. Bxg7 Nxf2 35. Kxf2 Kxg7 36. Ne2 Bd3 37. Nc3 Ra8 38. Re1 Rd8 39. Rd1 g5 40. Ke3 h5 41. g3 Kg6 42. Rd2 Ra8 43. Kd4 Ra1 44. Nd1 Rc1 45. Ke3 f6 46. Nf2 Rg1 47. g4 Rg3+ 48. Kd4 f5 0-1

[Event "SWE-chB"]
[Site "Borlange"]
[Date "1995.??.??"]
[Round "?"]
[White "Backe, Peter"]
[Black "Tornblom, Nils"]
[Result "1/2-1/2"]
[WhiteElo "2285"]
[BlackElo "2255"]
[PlyCount "60"]
[EventDate "1995.07.??"]
[EventType "tourn"]
[EventRounds "13"]
[EventCountry "SWE"]
[EventCategory "1"]
[SourceTitle "EXT 1997"]
[Source "ChessBase"]
[SourceDate "1996.11.15"]
[SourceVersion "1"]
[SourceVersionDate "1996.11.15"]
[SourceQuality "1"]

1. d4 d6 2. c4 e5 3. Nf3 e4 4. Ng5 f5 5. Nc3 Be7 6. Nh3 Nf6 7. g3 c6 8. Bg2 0-0 9. 0-0 Na6 10. Rb1 Be6 11. d5 Bf7 12. Ng5 c5 13. f3 exf3 14. exf3 Nd7 15. h4 Ne5 16. Bh3 h6 17. Nxf7 Rxf7 18. b3 Bxh4 19. gxh4 Qxh4 20. Bg2 Re8 21. Nb5 Rf6 22. Bb2 Rg6 23. Qe2 Rg3 24. Nxd6 Nxf3+ 25. Qxf3 Rxf3 26. Rxf3 Re1+ 27. Rxe1 Qxe1+ 28. Bf1 f4 29. Bc3 Qe7 30. Nb5 Qe4 1/2-1/2

[Event "SWE-ch"]
[Site "Lindesberg"]
[Date "1993.??.??"]
[Round "12"]
[White "Backe, Peter"]
[Black "Eriksson, Magnus"]
[Result "0-1"]
[WhiteElo "2325"]
[BlackElo "2365"]
[PlyCount "118"]
[EventDate "1993.07.??"]
[EventType "tourn"]
[EventRounds "13"]
[EventCountry "SWE"]
[SourceTitle "EXT 1998"]
[Source "ChessBase"]
[SourceDate "1997.11.17"]
[SourceVersion "1"]
[SourceVersionDate "1997.11.17"]
[SourceQuality "1"]

1. c4 Nf6 2. Nc3 d5 3. cxd5 Nxd5 4. g3 g6 5. Bg2 Nb6 6. Nf3 Bg7 7. d3 0-0 8. Be3 h6 9. 0-0 Nc6 10. Rc1 e5 11. Qd2 Kh7 12. Bc5 Re8 13. Rfd1 Be6 14. h3 Qd7 15. Kh2 Rad8 16. e3 f5 17. b3 Qf7 18. Qc2 Rd7 19. b4 a6 20. Rd2 Red8 21. b5 axb5 22. Nxb5 Nd5 23. Qb1 Nf6 24. a3 Nh5 25. d4 Na5 26. Rdd1 Nb3 27. Rc2 c6 28. Nd6 Rxd6 29. Bxd6 Rxd6 30. Nxe5 Qc7 31. f4 Na5 32. Bf1 Bb3 33. Rb2 Bxd1 34. Qxd1 Bxe5 35. fxe5 Rd8 36. Bd3 Ng7 37. g4 c5 38. Rc2 c4 39. gxf5 gxf5 40. Qf3 Qf7 41. Be2 b5 42. Bd1 Nb3 43. Rg2 Na5 44. Bc2 Kh8 45. e4 f4 46. d5 Nb7 47. Qc3 f3 48. Rf2 Rf8 49. Bd1 Qf4+ 50. Kh1 Nc5 51. Rxf3 Qxe4 52. Kg1 Rd8 53. Qd2 Rxd5 54. Qxh6+ Kg8 55. Rf1 Qxe5 56. Bg4 Rd6 57. Qh4 Ne4 58. Qe1 Rd2 59. Rf2 Rxf2 0-1

[Event "SWE-ch"]
[Site "Lindesberg"]
[Date "1993.??.??"]
[Round "11"]
[White "Brynell, Stellan"]
[Black "Backe, Peter"]
[Result "1-0"]
[WhiteElo "2470"]
[BlackElo "2325"]
[PlyCount "73"]
[EventDate "1993.07.??"]
[EventType "tourn"]
[EventRounds "13"]
[EventCountry "SWE"]
[SourceTitle "EXT 1998"]
[Source "ChessBase"]
[SourceDate "1997.11.17"]
[SourceVersion "1"]
[SourceVersionDate "1997.11.17"]
[SourceQuality "1"]

1. e4 e6 2. d4 d5 3. Nd2 Nf6 4. e5 Nfd7 5. c3 c5 6. Bd3 Nc6 7. Ne2 cxd4 8. cxd4 f6 9. exf6 Nxf6 10. 0-0 Bd6 11. Nf3 0-0 12. Bf4 Bxf4 13. Nxf4 Ne4 14. Nh5 g6 15. Ng3 Ng5 16. Ne5 Nf7 17. Nxc6 bxc6 18. Qc2 Rb8 19. Qxc6 Rxb2 20. Qc3 Rb7 21. Ne2 Rc7 22. Qd2 e5 23. dxe5 Nxe5 24. Rac1 Rxc1 25. Nxc1 d4 26. Bc2 Bb7 27. Bb3+ Kh8 28. Nd3 Nxd3 29. Qxd3 Qf6 30. Bc4 Bc8 31. Qg3 Bf5 32. h3 Rc8 33. Bb3 Kg7 34. Re1 d3 35. Qe3 Qb6 36. Qe7+ Kh8 37. Qe5+ 1-0

[Event "SWE-chB"]
[Site "Borlange"]
[Date "1992.??.??"]
[Round "7"]
[White "Engstrom, Kaj"]
[Black "Backe, Peter"]
[Result "0-1"]
[WhiteElo "2260"]
[BlackElo "2260"]
[PlyCount "124"]
[EventDate "1992.??.??"]
[EventType "tourn"]
[EventRounds "15"]
[EventCountry "SWE"]
[EventCategory "1"]
[SourceTitle "EXT 1999"]
[Source "ChessBase"]
[SourceDate "1998.11.16"]
[SourceVersion "1"]
[SourceVersionDate "1998.11.16"]
[SourceQuality "1"]

1. b3 Nf6 2. Bb2 e6 3. f4 c5 4. Nf3 Be7 5. e3 0-0 6. Be2 b6 7. 0-0 Bb7 8. d3 d5 9. Ne5 Nbd7 10. Nd2 Nxe5 11. fxe5 Nd7 12. d4 Bg5 13. Rf3 f6 14. exf6 Rxf6 15. Bd3 Rxf3 16. Qxf3 Qf6 17. Qxf6 gxf6 18. Nf1 Rc8 19. Re1 c4 20. bxc4 dxc4 21. Be2 Be4 22. c3 f5 23. Bc1 Nf6 24. Bd2 h5 25. a4 h4 26. Ra1 Kf7 27. Ra2 Bd5 28. Rb2 Ne4 29. Be1 Rb8 30. Bf3 a6 31. Bxe4 Bxe4 32. Kf2 b5 33. axb5 axb5 34. Nd2 Bd5 35. Nf3 Bf6 36. Ra2 Ra8 37. Rxa8 Bxa8 38. Ke2 Bxf3+ 39. Kxf3 Kg6 40. h3 Bg5 41. g3 hxg3 42. Bxg3 Be7 43. Be1 Ba3 44. e4 Bc1 45. h4 Bh6 46. d5 exd5 47. exd5 Kf6 48. d6 Ke6 49. Bg3 Bg7 50. h5 Bxc3 51. h6 b4 52. Ke2 b3 53. Kd1 Bb2 54. Bf4 c3 55. h7 c2+ 56. Ke2 Bf6 57. Kd2 Kf7 58. d7 Ke7 59. Kc1 Kxd7 60. Bd2 Ke6 61. h8Q Bxh8 62. Bc3 Be5 0-1